[Event "Ille et Vilaine-ch 1112"]
[Site "Ile et Vilaine"]
[Date "2012.03.03"]
[Round "6.16"]
[White "Joyeux, Gerard"]
[Black "Lindier, Dominique"]
[Result "1-0"]
[WhiteElo "1614"]
[BlackElo "1360"]
[PlyCount "73"]
[EventDate "2012.10.??"]
[EventType "swiss"]
[EventRounds "7"]
[EventCountry "FRA"]
[SourceTitle "EXT 2014"]
[Source "ChessBase"]
[SourceDate "2013.11.20"]
[SourceVersion "1"]
[SourceVersionDate "2013.11.20"]
[SourceQuality "1"]

1. d4 d5 2. Nc3 Nc6 3. e4 e6 4. Bb5 Bd7 5. a3 Nf6 6. e5 Ne4 7. Bxc6 Nxc3 8. Bxd7+ Qxd7 9. bxc3 0-0-0 10. Nf3 Be7 11. 0-0 f6 12. a4 f5 13. Ba3 g5 14. Bxe7 Qxe7 15. a5 a6 16. Rb1 g4 17. Nd2 h5 18. Nb3 b6 19. axb6 cxb6 20. Qd3 Qa7 21. Ra1 a5 22. Rfb1 Kc7 23. c4 Qa6 24. Nd2 Rb8 25. Qa3 Rhd8 26. Qe7+ Rd7 27. Qxe6 dxc4 28. d5 Qb7 29. d6+ Kc8 30. Nxc4 b5 31. Nxa5 Qb6 32. Nc4 Qc5 33. Ne3 f4 34. Nf5 g3 35. Ne7+ Kb7 36. Qxd7+ Kb6 37. Qa7# 1-0

[Event "Ille et Vilaine-ch 1112"]
[Site "Ile et Vilaine"]
[Date "2012.01.28"]
[Round "5.17"]
[White "Lindier, Dominique"]
[Black "Bourgoin, Cecile"]
[Result "0-1"]
[WhiteElo "1360"]
[BlackElo "1540"]
[PlyCount "58"]
[EventDate "2012.10.??"]
[EventType "swiss"]
[EventRounds "7"]
[EventCountry "FRA"]
[SourceTitle "EXT 2014"]
[Source "ChessBase"]
[SourceDate "2013.11.20"]
[SourceVersion "1"]
[SourceVersionDate "2013.11.20"]
[SourceQuality "1"]

1. c4 Nf6 2. Nc3 c6 3. g3 d5 4. cxd5 cxd5 5. d4 Bf5 6. Bg2 e6 7. Nf3 h6 8. 0-0 Bd6 9. Nb5 0-0 10. Nxd6 Qxd6 11. Bf4 Qb6 12. b3 Nc6 13. a3 Rac8 14. Rc1 Na5 15. b4 Nc4 16. Qb3 Ne4 17. Rfd1 a5 18. Ne5 Ncd2 19. Qb2 Qb5 20. Rxd2 Rxc1+ 21. Qxc1 Nxd2 22. Qxd2 f6 23. Nd3 Rc8 24. Nb2 Rc2 25. Qd1 Rxb2 26. Qa1 Rb1+ 27. Qxb1 Bxb1 28. e3 axb4 29. axb4 Qxb4 0-1

[Event "Ille et Vilaine-ch 1112"]
[Site "Ile et Vilaine"]
[Date "2011.10.08"]
[Round "1.20"]
[White "Lindier, Dominique"]
[Black "Pineau, Gerard"]
[Result "1-0"]
[WhiteElo "1380"]
[BlackElo "1499"]
[PlyCount "68"]
[EventDate "2012.10.??"]
[EventType "swiss"]
[EventRounds "7"]
[EventCountry "FRA"]
[SourceTitle "EXT 2014"]
[Source "ChessBase"]
[SourceDate "2013.11.20"]
[SourceVersion "1"]
[SourceVersionDate "2013.11.20"]
[SourceQuality "1"]

1. d4 d5 2. Nf3 Nc6 3. g3 Nf6 4. Bg2 e6 5. 0-0 Bd6 6. Bg5 h6 7. Be3 Qe7 8. Nc3 Bd7 9. Nb5 Bb4 10. Nxc7+ Kd8 11. Nxa8 Ne4 12. Bf4 Ba5 13. c3 g5 14. Be3 f5 15. Qb3 Bc8 16. c4 Nb4 17. cxd5 Nxd5 18. a4 b6 19. Ne5 f4 20. Nc6+ Ke8 21. Nxe7 Kxe7 22. gxf4 gxf4 23. Bxe4 Rg8+ 24. Kh1 fxe3 25. Bxd5 exd5 26. fxe3 Bg4 27. Rg1 h5 28. Nc7 Rg7 29. Nxd5+ Ke6 30. Nf4+ Kf5 31. Nxh5 Rg6 32. Qb5+ Ke4 33. Rxg4+ Rxg4 34. Nf6+ Kxe3 1-0